000 00900nas a2200277 4500
001 BR2012007473
003 BR-BrBNA
005 20231205121251.0
007 ta
008 230509b bl.|||p| |||| 00| 00por d
040 _aBR-BrBNA
_bpor
_cBiblioteca Nacional de Agricultura
041 _a(Pt)
072 _aT01
100 1 _aFonseca, J.A. da
100 1 _ahanisch, A.Il.
100 1 _aBackes, R.L.
245 1 _aEvolução dos teores de matais pesados em um Latossolo Vermelho distrófico típico pelo uso de um resíduo da indústria de celulose
650 _aMILHO
650 _aMETAL PESADO
650 _aLATOSSOLO VERMELHO
650 _aRESÍDUO INDUSTRIAL
650 _aCELULOSE
773 0 _tRevista de Ciências Agroveterinárias (Brazil)
_xISSN 1676-9732
_g(Jan-Apr 2012), v. 11(1) p. 17-25
_wBR2012007473
909 _a202311
_bLúcia
_c55
_dLúcia Elande
942 _2AGRIS
_n0
_cANA
999 _c222649
_d222649